Dominica Parish Capitals - Statistics

General Stats
  • This quiz has been taken 31 times
  • The average score is 8 of 10
Answer Stats
Hint Answer % Correct
Saint George Roseau
100%
Saint David Castle Bruce
86%
Saint Andrew Marigot
86%
Saint John Portsmouth
86%
Saint Joseph Saint Joseph
86%
Saint Patrick Berekua
71%
Saint Peter Colihaut
71%
Saint Luke Pointe Michel
71%
Saint Paul Pont Cassé
71%
Saint Mark Soufrière
71%
No matching quizzes found
Score Distribution
Percent of People with Each Score
Percentile by Number Answered
Your Score History
You have not taken this quiz